[Event "Frankfurt Ch 2014"]
[Site "Ffm-Höchst, BiKuZ"]
[Date "2014.04.28"]
[Round "1.56"]
[White "Winter, Olaf"]
[Black "Raquet, Helmut"]
[Result "1-0"]
[WhiteElo "1605"]
[BlackElo "1662"]
[PlyCount "59"]
[EventDate "2014.??.??"]
[WhiteTeam "SK Bad Homburg 1927"]
[BlackTeam "SC 1961 König Nied"]

1. c4 f5 2. Nc3 Nf6 3. g3 e6 4. Bg2 d5 5. cxd5 exd5 6. e3 c6 7. Nge2 Bd6 8. a3
O-O 9. b4 Bd7 10. Bb2 Qe7 11. Qc2 Ne4 12. O-O Be5 13. Rab1 Nd6 14. d3 Kh8 15.
Na4 Bxb2 16. Rxb2 Bc8 17. Nd4 Rd8 18. b5 Bd7 19. bxc6 bxc6 20. Nc5 Nc4 21. dxc4
Qxc5 22. cxd5 Qxa3 23. dxc6 Nxc6 24. Nb5 Qe7 25. Bxc6 Rac8 26. Nxa7 Rc7 27. Qa4
Ra8 28. Bxd7 Rxd7 29. Nc6 Qe8 30. Qxa8 1-0